| 000 | 01054nam a22003017a 4500 | ||
|---|---|---|---|
| 001 | 5590 | ||
| 003 | FISKH | ||
| 005 | 20241219114236.0 | ||
| 008 | 241219b cb ||||| |||| 00| 0 eng d | ||
| 020 | _a9780439706391 | ||
| 040 |
_aFISKH _beng _cFISKH _dFISKH |
||
| 050 | _aPN6727.S546 | ||
| 082 | _a741.5973 | ||
| 100 | _aSmith, Jeff | ||
| 245 |
_aThe great cow race / _cBy Jeff Smith With color by Steve Hamaker |
||
| 250 | _aFirst Scholastic edition, August 2005 | ||
| 260 |
_aNew York : _bScholastic ; _c2005. |
||
| 300 |
_a132 pages : _bcolor illustrations ; _c24 cm . |
||
| 490 | _aBone | ||
| 505 | _aG | ||
| 520 | _aThe adventure starts when cousins Fone Bone, Phoney Bone, and Smiley Bone are run out of Boneville and later get separated and lost in the wilderness, meeting monsters and making friends as they attempt to return home. | ||
| 521 | 8 |
_a380
_bLexile GN |
|
| 521 | 8 |
_aG
_bRaz-Plus |
|
| 650 |
_agraphic novel _vFiction |
||
| 700 |
_aSaylor, David _eBook designer |
||
| 942 |
_2ddc _cBK _n0 |
||
| 999 |
_c5590 _d5590 |
||